[Event "World Chess Olympiad 2018"]
[Site "Batumi"]
[Date "2018.10.03"]
[Round "9"]
[Board "4"]
[WhiteFideId "4152956"]
[White "Vitiugov Nikita"]
[BlackFideId "818860"]
[Black "Valsecchi Alessio"]
[Result "1-0"]
[LiveChessVersion "1.4.8"]
[BlackElo "2500"]
[WhiteElo "2726"]

1. e4 {[%clk 1:30:52]} c5 {[%clk 1:30:31]} 2. Nf3 {[%clk 1:31:12]} d6
{[%clk 1:30:26]} 3. d4 {[%clk 1:31:36]} cxd4 {[%clk 1:30:50]} 4. Nxd4
{[%clk 1:32:02]} Nf6 {[%clk 1:31:14]} 5. Nc3 {[%clk 1:32:28]} g6 {[%clk 1:31:26]}
6. Be2 {[%clk 1:32:32]} Bg7 {[%clk 1:31:17]} 7. Be3 {[%clk 1:32:54]} O-O
{[%clk 1:30:24]} 8. Qd2 {[%clk 1:33:09]} Nc6 {[%clk 1:29:49]} 9. O-O-O
{[%clk 1:32:37]} Nxd4 {[%clk 1:23:12]} 10. Bxd4 {[%clk 1:32:44]} Be6
{[%clk 1:23:08]} 11. f4 {[%clk 1:31:05]} Qa5 {[%clk 1:14:47]} 12. a3
{[%clk 1:30:37]} Rac8 {[%clk 1:07:13]} 13. Kb1 {[%clk 1:24:26]} Rfd8
{[%clk 0:58:08]} 14. Bf3 {[%clk 1:05:17]} Kf8 {[%clk 0:40:34]} 15. Qe3
{[%clk 0:58:00]} b5 {[%clk 0:33:14]} 16. e5 {[%clk 0:52:22]} dxe5
{[%clk 0:27:46]} 17. Bxe5 {[%clk 0:51:48]} Nd7 {[%clk 0:22:57]} 18. Bxg7+
{[%clk 0:46:17]} Kxg7 {[%clk 0:23:25]} 19. Bd5 {[%clk 0:42:42]} Bxd5
{[%clk 0:19:17]} 20. Rxd5 {[%clk 0:36:02]} Nf6 {[%clk 0:19:13]} 21. Rxd8
{[%clk 0:31:44]} Qxd8 {[%clk 0:19:22]} 22. Re1 {[%clk 0:28:43]} Qd7
{[%clk 0:19:19]} 23. Qxe7 {[%clk 0:24:11]} Qc6 {[%clk 0:15:21]} 24. Qxa7
{[%clk 0:23:22]} Qxg2 {[%clk 0:15:19]} 25. Qg1 {[%clk 0:21:23]} Qd2
{[%clk 0:15:05]} 26. f5 {[%clk 0:18:15]} b4 {[%clk 0:15:07]} 27. axb4
{[%clk 0:16:40]} Nd5 {[%clk 0:12:57]} 28. Rd1 {[%clk 0:16:32]} Nxc3+
{[%clk 0:12:22]} 29. bxc3 {[%clk 0:17:00]} Qxc3 {[%clk 0:12:43]} 30. Qd4+
{[%clk 0:17:26]} Qxd4 {[%clk 0:12:55]} 31. Rxd4 {[%clk 0:17:54]} Kf6
{[%clk 0:11:58]} 32. fxg6 {[%clk 0:16:44]} hxg6 {[%clk 0:11:40]} 33. Kb2
{[%clk 0:11:52]} Ke5 {[%clk 0:11:10]} 34. Rd1 {[%clk 0:09:47]} f5
{[%clk 0:11:04]} 35. Kb3 {[%clk 0:06:44]} f4 {[%clk 0:11:15]} 36. Re1+
{[%clk 0:03:33]} Kd4 {[%clk 0:10:49]} 37. c4 {[%clk 0:03:04]} f3 {[%clk 0:09:11]}
38. c5 {[%clk 0:03:11]} Kd3 {[%clk 0:07:45]} 39. Rd1+ {[%clk 0:02:22]} Ke2
{[%clk 0:07:51]} 40. Rc1 {[%clk 0:30:49]} f2 {[%clk 0:33:55]} 41. Rc2+
{[%clk 0:24:33]} Kf3 {[%clk 0:28:08]} 42. Rxf2+ {[%clk 0:14:53]} Kxf2
{[%clk 0:28:23]} 43. Kc4 {[%clk 0:15:20]} Ke3 {[%clk 0:18:53]} 44. b5
{[%clk 0:15:29]} Ke4 {[%clk 0:18:58]} 45. c6 {[%clk 0:15:23]} Ke5
{[%clk 0:18:19]} 46. Kc5 {[%clk 0:15:48]} Rh8 {[%clk 0:06:38]} 47. c7
{[%clk 0:15:57]} Rxh2 {[%clk 0:05:09]} 48. Kc6 {[%clk 0:16:19]} Rc2+
{[%clk 0:02:53]} 49. Kd7 {[%clk 0:16:16]} Rd2+ {[%clk 0:01:40]} 50. Ke7
{[%clk 0:16:09]} Rc2 {[%clk 0:01:09]} 51. b6 {[%clk 0:15:48]} Rc6
{[%clk 0:00:40]} 52. Kd7 {[%clk 0:15:43]} Rd6+ {[%clk 0:00:50]} 53. Ke8
{[%clk 0:15:37]} Rxb6 {[%clk 0:00:34]} 54. c8=Q {[%clk 0:16:00]} Rf6
{[%clk 0:00:35]} 55. Ke7 {[%clk 0:16:14]} Rf5 {[%clk 0:00:39]} 56. Qe6+
{[%clk 0:16:23]} Kf4 {[%clk 0:01:01]} 57. Qxg6 {[%clk 0:16:36]} Re5+
{[%clk 0:00:55]} 58. Kf6 {[%clk 0:16:37]} Re2 {[%clk 0:01:16]} 59. Qd3
{[%clk 0:16:05]} Re3 {[%clk 0:01:40]} 60. Qd4+ {[%clk 0:16:27]} Kf3
{[%clk 0:02:03]} 61. Kf5 {[%clk 0:16:22]} Re2 {[%clk 0:02:17]} 62. Qd3+
{[%clk 0:16:35]} Kf2 {[%clk 0:02:29]} 63. Kf4 {[%clk 0:17:00]} Re8
{[%clk 0:01:46]} 64. Qa3 {[%clk 0:16:15]} Re2 {[%clk 0:00:58]} 65. Qb4
{[%clk 0:14:39]} Kg2 {[%clk 0:00:50]} 66. Qd4 {[%clk 0:14:06]} Rf2+
{[%clk 0:01:04]} 67. Kg4 {[%clk 0:14:34]} Kh1 {[%clk 0:01:13]} 68. Kg3
{[%clk 0:13:35]} Rg2+ {[%clk 0:01:35]} 69. Kf3 {[%clk 0:13:58]} Kh2
{[%clk 0:01:40]} 70. Qd5 {[%clk 0:11:18]} Kg1 {[%clk 0:02:01]} 71. Qe5
{[%clk 0:10:25]} Kh1 {[%clk 0:02:09]} 72. Qe4 {[%clk 0:10:22]} Kh2
{[%clk 0:02:24]} 73. Qe1 {[%clk 0:10:24]} 1-0

[Event "World Chess Olympiad 2018"]
[Site "Batumi"]
[Date "2018.10.03"]
[Round "9"]
[Board "1"]
[WhiteFideId "1610856"]
[White "Ragger Markus"]
[BlackFideId "14508150"]
[Black "Saric Ivan"]
[Result "1/2-1/2"]
[LiveChessVersion "1.4.8"]
[BlackElo "2689"]
[WhiteElo "2686"]

1. e4 {[%clk 1:30:59]} c5 {[%clk 1:30:55]} 2. Nf3 {[%clk 1:31:25]} d6
{[%clk 1:31:22]} 3. d4 {[%clk 1:31:51]} cxd4 {[%clk 1:31:48]} 4. Nxd4
{[%clk 1:32:17]} Nf6 {[%clk 1:32:14]} 5. Nc3 {[%clk 1:32:43]} a6 {[%clk 1:32:41]}
6. g3 {[%clk 1:33:07]} e5 {[%clk 1:32:43]} 7. Nde2 {[%clk 1:33:27]} Be7
{[%clk 1:31:34]} 8. Bg2 {[%clk 1:33:51]} O-O {[%clk 1:31:51]} 9. O-O
{[%clk 1:33:46]} b5 {[%clk 1:29:10]} 10. Nd5 {[%clk 1:33:16]} Nbd7
{[%clk 1:28:43]} 11. Nec3 {[%clk 1:32:06]} Bb7 {[%clk 1:26:57]} 12. b3
{[%clk 1:31:33]} Rc8 {[%clk 1:23:55]} 13. Be3 {[%clk 1:26:42]} h6
{[%clk 1:11:56]} 14. Bh3 {[%clk 1:11:35]} b4 {[%clk 1:05:25]} 15. Nxf6+
{[%clk 1:06:15]} Nxf6 {[%clk 1:05:52]} 16. Bxc8 {[%clk 1:03:41]} Qxc8
{[%clk 1:05:08]} 17. Nd5 {[%clk 1:01:39]} Nxd5 {[%clk 1:05:27]} 18. exd5
{[%clk 1:02:05]} f5 {[%clk 1:05:08]} 19. Qd3 {[%clk 0:46:48]} f4 {[%clk 1:01:18]}
20. Bd2 {[%clk 0:44:48]} a5 {[%clk 0:55:20]} 21. gxf4 {[%clk 0:28:37]} exf4
{[%clk 0:51:33]} 22. Qe4 {[%clk 0:23:51]} Rf5 {[%clk 0:47:36]} 23. Qxe7
{[%clk 0:15:08]} Rg5+ {[%clk 0:45:40]} 24. Kh1 {[%clk 0:14:34]} Rxd5
{[%clk 0:45:05]} 25. f3 {[%clk 0:13:34]} Rxd2 {[%clk 0:45:27]} 26. Rae1
{[%clk 0:13:41]} Qxc2 {[%clk 0:44:37]} 27. Qh4 {[%clk 0:12:58]} Qg6
{[%clk 0:41:43]} 28. Qh3 {[%clk 0:12:48]} Rd3 {[%clk 0:34:57]} 29. Rf2
{[%clk 0:11:46]} Kh7 {[%clk 0:30:44]} 30. Rg1 {[%clk 0:10:50]} Qf7
{[%clk 0:29:41]} 31. Rgf1 {[%clk 0:09:55]} d5 {[%clk 0:27:28]} 32. Qg2
{[%clk 0:09:41]} d4 {[%clk 0:26:59]} 33. Rd2 {[%clk 0:08:51]} Qf5
{[%clk 0:27:01]} 34. Rxd3 {[%clk 0:07:38]} Qxd3 {[%clk 0:27:27]} 35. h4
{[%clk 0:08:06]} Qf5 {[%clk 0:21:21]} 36. Kh2 {[%clk 0:07:54]} Bc8
{[%clk 0:20:51]} 37. Rc1 {[%clk 0:05:53]} d3 {[%clk 0:19:12]} 38. Kg1
{[%clk 0:05:57]} Qd5 {[%clk 0:17:15]} 39. Kh2 {[%clk 0:03:54]} Qd8
{[%clk 0:16:16]} 40. Qf2 {[%clk 0:32:28]} Bf5 {[%clk 0:45:04]} 41. Rg1
{[%clk 0:28:05]} Qf6 {[%clk 0:44:16]} 42. Rc1 {[%clk 0:25:05]} Qe5
{[%clk 0:40:35]} 43. Kg2 {[%clk 0:23:10]} Qd6 {[%clk 0:38:50]} 44. Kh2
{[%clk 0:23:10]} Bd7 {[%clk 0:38:28]} 45. Rg1 {[%clk 0:20:28]} a4
{[%clk 0:38:05]} 46. bxa4 {[%clk 0:18:58]} Bxa4 {[%clk 0:38:23]} 47. Rg2
{[%clk 0:14:07]} Qf6 {[%clk 0:35:05]} 48. Kg1 {[%clk 0:12:53]} Bc6
{[%clk 0:34:42]} 49. Kh2 {[%clk 0:12:27]} Kh8 {[%clk 0:34:51]} 50. Kg1
{[%clk 0:12:12]} Qe7 {[%clk 0:33:42]} 51. Kh2 {[%clk 0:07:01]} Bd5
{[%clk 0:32:21]} 52. Rg1 {[%clk 0:04:48]} Qe2 {[%clk 0:27:18]} 53. Qxe2
{[%clk 0:03:01]} dxe2 {[%clk 0:27:43]} 54. Kg2 {[%clk 0:03:26]} Bxa2
{[%clk 0:27:39]} 55. Re1 {[%clk 0:03:33]} Bc4 {[%clk 0:27:11]} 56. Kf2
{[%clk 0:04:02]} b3 {[%clk 0:19:37]} 57. Rc1 {[%clk 0:04:09]} Be6
{[%clk 0:19:55]} 58. Rc5 {[%clk 0:02:25]} Kh7 {[%clk 0:19:46]} 59. Rb5
{[%clk 0:02:36]} Kg6 {[%clk 0:17:28]} 60. Rb6 {[%clk 0:02:41]} Kf6
{[%clk 0:17:34]} 61. Kxe2 {[%clk 0:03:07]} g5 {[%clk 0:17:43]} 62. hxg5+
{[%clk 0:02:38]} hxg5 {[%clk 0:18:12]} 63. Kd3 {[%clk 0:02:58]} Ke5
{[%clk 0:18:23]} 64. Rb5+ {[%clk 0:03:04]} Bd5 {[%clk 0:17:45]} 65. Kc3
{[%clk 0:02:59]} Ke6 {[%clk 0:16:25]} 66. Kd4 {[%clk 0:03:01]} Bxf3
{[%clk 0:16:43]} 67. Rxg5 {[%clk 0:03:16]} Bd1 {[%clk 0:14:51]} 68. Rb5
{[%clk 0:03:16]} Bc2 {[%clk 0:15:01]} 69. Rxb3 {[%clk 0:03:21]} Bxb3
{[%clk 0:15:27]} 70. Ke4 {[%clk 0:03:46]} Bd5+ {[%clk 0:15:53]} 71. Kxf4 1/2-1/2

[Event "World Chess Olympiad 2018"]
[Site "Batumi"]
[Date "2018.10.03"]
[Round "9"]
[Board "2"]
[WhiteFideId "14502569"]
[White "Stevic Hrvoje"]
[BlackFideId "1634852"]
[Black "Dragnev Valentin"]
[Result "1-0"]
[LiveChessVersion "1.4.8"]
[BlackElo "2508"]
[WhiteElo "2579"]

1. e4 {[%clk 1:30:57]} e5 {[%clk 1:30:46]} 2. Nf3 {[%clk 1:31:16]} Nc6
{[%clk 1:31:12]} 3. d4 {[%clk 1:31:39]} exd4 {[%clk 1:31:33]} 4. Nxd4
{[%clk 1:32:02]} Nf6 {[%clk 1:31:52]} 5. Nxc6 {[%clk 1:32:13]} bxc6
{[%clk 1:32:16]} 6. e5 {[%clk 1:32:38]} Qe7 {[%clk 1:32:30]} 7. Qe2
{[%clk 1:33:01]} Nd5 {[%clk 1:32:51]} 8. c4 {[%clk 1:33:16]} Nb6 {[%clk 1:27:37]}
9. Nc3 {[%clk 1:33:29]} Ba6 {[%clk 1:28:02]} 10. Qe4 {[%clk 1:32:50]} g6
{[%clk 1:11:23]} 11. c5 {[%clk 1:32:47]} Bxf1 {[%clk 1:06:06]} 12. cxb6
{[%clk 1:32:59]} f5 {[%clk 1:06:27]} 13. b7 {[%clk 1:33:19]} Rb8 {[%clk 0:42:53]}
14. Qe3 {[%clk 1:28:57]} Bxg2 {[%clk 0:42:47]} 15. Rg1 {[%clk 1:29:00]} Bd5
{[%clk 0:41:50]} 16. Qxa7 {[%clk 1:29:20]} Qxe5+ {[%clk 0:42:00]} 17. Be3
{[%clk 1:29:42]} Bb4 {[%clk 0:40:08]} 18. Qxb8+ {[%clk 1:27:57]} Ke7
{[%clk 0:21:53]} 19. Qxh8 {[%clk 1:27:03]} Qxh8 {[%clk 0:18:51]} 20. O-O-O
{[%clk 1:22:35]} Bxc3 {[%clk 0:09:06]} 21. Rxd5 {[%clk 1:22:35]} Bxb2+
{[%clk 0:07:24]} 22. Kb1 {[%clk 1:16:46]} Ba3 {[%clk 0:06:41]} 23. Bd4
{[%clk 1:04:58]} Qb8 {[%clk 0:07:05]} 24. Re1+ {[%clk 1:05:21]} Kf8
{[%clk 0:07:31]} 25. Rxd7 {[%clk 1:05:44]} Qxb7+ {[%clk 0:07:23]} 26. Ka1
{[%clk 1:05:58]} Qb8 {[%clk 0:07:19]} 27. Bf6 {[%clk 1:01:24]} Bb4
{[%clk 0:04:19]} 28. Re2 {[%clk 1:01:48]} Qb5 {[%clk 0:03:59]} 29. Bg7+
{[%clk 1:02:12]} 1-0

[Event "World Chess Olympiad 2018"]
[Site "Batumi"]
[Date "2018.10.03"]
[Round "9"]
[Board "3"]
[WhiteFideId "13601270"]
[White "Shengelia David"]
[BlackFideId "14506688"]
[Black "Brkic Ante"]
[Result "1/2-1/2"]
[LiveChessVersion "1.4.8"]
[BlackElo "2565"]
[WhiteElo "2512"]

1. d4 {[%clk 1:30:47]} Nf6 {[%clk 1:30:51]} 2. c4 {[%clk 1:31:11]} e6
{[%clk 1:31:14]} 3. g3 {[%clk 1:31:09]} Bb4+ {[%clk 1:29:56]} 4. Nd2
{[%clk 1:31:08]} c5 {[%clk 1:28:34]} 5. a3 {[%clk 1:30:54]} Bxd2+
{[%clk 1:28:54]} 6. Qxd2 {[%clk 1:31:18]} cxd4 {[%clk 1:29:04]} 7. Nf3
{[%clk 1:31:22]} b6 {[%clk 1:29:20]} 8. Bg2 {[%clk 1:30:01]} Bb7 {[%clk 1:29:43]}
9. b4 {[%clk 1:11:45]} d6 {[%clk 1:20:58]} 10. Qxd4 {[%clk 1:09:28]} Nc6
{[%clk 1:20:48]} 11. Qf4 {[%clk 1:02:21]} e5 {[%clk 1:01:51]} 12. Qh4
{[%clk 0:51:53]} Ne7 {[%clk 0:51:54]} 13. O-O {[%clk 0:43:20]} Qc7
{[%clk 0:50:59]} 14. c5 {[%clk 0:33:01]} bxc5 {[%clk 0:49:19]} 15. bxc5
{[%clk 0:33:23]} Qxc5 {[%clk 0:32:17]} 16. Bg5 {[%clk 0:26:32]} Ng6
{[%clk 0:30:47]} 17. Qa4+ {[%clk 0:26:49]} Bc6 {[%clk 0:29:19]} 18. Qd1
{[%clk 0:22:45]} d5 {[%clk 0:21:08]} 19. Rc1 {[%clk 0:12:17]} Qd6
{[%clk 0:21:35]} 20. Be3 {[%clk 0:12:02]} Qd7 {[%clk 0:18:00]} 21. Qc2
{[%clk 0:11:14]} Rc8 {[%clk 0:10:11]} 22. Qc5 {[%clk 0:10:11]} Ne4
{[%clk 0:05:55]} 23. Qb4 {[%clk 0:10:35]} a5 {[%clk 0:05:50]} 24. Qxa5
{[%clk 0:09:51]} O-O {[%clk 0:06:18]} 25. Rfd1 {[%clk 0:09:47]} Qe6
{[%clk 0:04:55]} 26. Ng5 {[%clk 0:04:58]} Nxg5 {[%clk 0:05:15]} 27. Bxg5
{[%clk 0:05:27]} d4 {[%clk 0:03:04]} 28. Qb6 {[%clk 0:03:48]} Bxg2
{[%clk 0:03:18]} 29. Qxe6 {[%clk 0:04:14]} fxe6 {[%clk 0:03:45]} 30. Kxg2
{[%clk 0:04:29]} Rxc1 {[%clk 0:02:14]} 31. Rxc1 {[%clk 0:02:24]} Ra8
{[%clk 0:01:33]} 32. Ra1 {[%clk 0:02:50]} Ra4 {[%clk 0:01:43]} 33. Kf3
{[%clk 0:02:56]} Kf7 {[%clk 0:01:25]} 34. Ke4 {[%clk 0:02:46]} Ke8
{[%clk 0:00:49]} 35. h4 {[%clk 0:02:32]} h6 {[%clk 0:00:44]} 36. Bd2
{[%clk 0:02:58]} Ne7 {[%clk 0:00:59]} 37. Kxe5 {[%clk 0:02:02]} d3
{[%clk 0:01:27]} 38. Kxe6 {[%clk 0:00:35]} Re4+ {[%clk 0:00:47]} 39. Kd6
{[%clk 0:01:05]} Rxe2 {[%clk 0:00:49]} 40. Bb4 {[%clk 0:30:34]} Rxf2
{[%clk 0:30:40]} 41. Rd1 {[%clk 0:27:17]} Rf6+ {[%clk 0:24:32]} 42. Kc5
{[%clk 0:26:29]} Rf3 {[%clk 0:23:35]} 43. a4 {[%clk 0:22:39]} Kd7
{[%clk 0:22:20]} 44. Be1 {[%clk 0:16:20]} Nc6 {[%clk 0:15:12]} 45. Kb6
{[%clk 0:13:44]} Ne5 {[%clk 0:12:37]} 46. a5 {[%clk 0:11:54]} Nc4+
{[%clk 0:09:52]} 47. Kb5 {[%clk 0:11:23]} Nd6+ {[%clk 0:09:15]} 48. Kc5
{[%clk 0:11:10]} Kc7 {[%clk 0:02:32]} 49. Kd4 {[%clk 0:10:59]} g5
{[%clk 0:02:09]} 50. h5 {[%clk 0:07:19]} Nf5+ {[%clk 0:01:12]} 51. Ke4
{[%clk 0:07:00]} g4 {[%clk 0:01:40]} 52. Rxd3 {[%clk 0:01:01]} Nd6+
{[%clk 0:01:57]} 53. Kd4 {[%clk 0:01:19]} Nb5+ {[%clk 0:01:08]} 54. Kc4
{[%clk 0:01:33]} Nd6+ {[%clk 0:01:34]} 55. Kc3 {[%clk 0:01:43]} Ne4+
{[%clk 0:01:19]} 56. Kd4 {[%clk 0:01:49]} Rxd3+ {[%clk 0:01:39]} 57. Kxd3
{[%clk 0:02:16]} Nf6 {[%clk 0:02:00]} 58. Bd2 {[%clk 0:02:21]} Nxh5
{[%clk 0:02:22]} 59. Bxh6 {[%clk 0:02:44]} Kb7 {[%clk 0:02:45]} 60. Ke4
{[%clk 0:02:59]} 1/2-1/2

[Event "World Chess Olympiad 2018"]
[Site "Batumi"]
[Date "2018.10.03"]
[Round "9"]
[Board "4"]
[WhiteFideId "14509792"]
[White "Martinovic Sasa"]
[BlackFideId "1621645"]
[Black "Schreiner Peter"]
[Result "1-0"]
[LiveChessVersion "1.4.8"]
[BlackElo "2463"]
[WhiteElo "2567"]

1. d4 {[%clk 1:30:59]} Nf6 {[%clk 1:30:54]} 2. Nf3 {[%clk 1:31:25]} g6
{[%clk 1:31:11]} 3. Nbd2 {[%clk 1:31:50]} d5 {[%clk 1:26:06]} 4. e3
{[%clk 1:32:16]} Bg7 {[%clk 1:26:14]} 5. b4 {[%clk 1:32:38]} a5 {[%clk 1:21:41]}
6. b5 {[%clk 1:33:02]} O-O {[%clk 1:20:27]} 7. Ba3 {[%clk 1:25:23]} c6
{[%clk 1:19:47]} 8. Rb1 {[%clk 1:19:34]} Bg4 {[%clk 1:16:03]} 9. Be2
{[%clk 1:11:47]} Nbd7 {[%clk 1:12:49]} 10. O-O {[%clk 1:10:48]} Re8
{[%clk 1:09:55]} 11. c4 {[%clk 1:03:17]} e5 {[%clk 0:51:21]} 12. dxe5
{[%clk 0:43:57]} Bxf3 {[%clk 0:40:42]} 13. gxf3 {[%clk 0:37:56]} Nxe5
{[%clk 0:35:02]} 14. f4 {[%clk 0:37:55]} Ned7 {[%clk 0:35:05]} 15. bxc6
{[%clk 0:31:03]} bxc6 {[%clk 0:32:20]} 16. Bf3 {[%clk 0:31:30]} Nf8
{[%clk 0:25:12]} 17. Qc2 {[%clk 0:28:42]} Qd7 {[%clk 0:22:49]} 18. Rfd1
{[%clk 0:28:30]} Qh3 {[%clk 0:19:39]} 19. Bg2 {[%clk 0:27:22]} Qh5
{[%clk 0:19:36]} 20. Nf1 {[%clk 0:26:07]} Ne6 {[%clk 0:18:41]} 21. Rb7
{[%clk 0:18:56]} d4 {[%clk 0:13:51]} 22. Bxc6 {[%clk 0:16:13]} Rec8
{[%clk 0:10:57]} 23. Bg2 {[%clk 0:14:59]} dxe3 {[%clk 0:08:05]} 24. fxe3
{[%clk 0:15:21]} Qh4 {[%clk 0:05:52]} 25. Be7 {[%clk 0:10:06]} Bf8
{[%clk 0:04:54]} 26. Rdd7 {[%clk 0:07:55]} Bxe7 {[%clk 0:02:33]} 27. Rxe7
{[%clk 0:08:24]} Nd8 {[%clk 0:01:52]} 28. Rb5 {[%clk 0:03:39]} Ra6
{[%clk 0:01:50]} 29. Qb2 {[%clk 0:03:00]} Nc6 {[%clk 0:00:50]} 30. Reb7
{[%clk 0:02:18]} Nb4 {[%clk 0:00:55]} 31. Rb8 {[%clk 0:01:38]} Rxb8
{[%clk 0:01:09]} 32. Rxb8+ {[%clk 0:02:07]} Kg7 {[%clk 0:01:37]} 33. c5
{[%clk 0:00:41]} Re6 {[%clk 0:00:55]} 34. Qd2 {[%clk 0:00:41]} Qh5
{[%clk 0:00:43]} 35. Rc8 {[%clk 0:00:43]} Re7 {[%clk 0:00:32]} 36. a3
{[%clk 0:00:42]} Rd7 {[%clk 0:00:42]} 37. Qc3 {[%clk 0:00:39]} Nd3
{[%clk 0:00:34]} 38. Rc6 {[%clk 0:00:36]} Qh4 {[%clk 0:00:38]} 39. Ng3
{[%clk 0:00:46]} Rd8 {[%clk 0:00:32]} 40. Rd6 {[%clk 0:30:33]} 1-0

[Event "World Chess Olympiad 2018"]
[Site "Batumi"]
[Date "2018.10.03"]
[Round "9"]
[Board "1"]
[WhiteFideId "24116068"]
[White "Giri Anish"]
[BlackFideId "13900200"]
[Black "Iordachescu Viorel"]
[Result "1-0"]
[LiveChessVersion "1.4.8"]
[BlackElo "2591"]
[WhiteElo "2780"]

1. e4 {[%clk 1:30:53]} e5 {[%clk 1:30:36]} 2. Nf3 {[%clk 1:31:18]} Nc6
{[%clk 1:31:00]} 3. Bc4 {[%clk 1:31:32]} Nf6 {[%clk 1:29:39]} 4. d3
{[%clk 1:31:39]} Be7 {[%clk 1:29:38]} 5. O-O {[%clk 1:31:27]} O-O
{[%clk 1:29:53]} 6. Re1 {[%clk 1:31:06]} d6 {[%clk 1:29:56]} 7. a3
{[%clk 1:25:32]} h6 {[%clk 1:26:14]} 8. Nbd2 {[%clk 1:23:47]} Nh7
{[%clk 1:25:03]} 9. Nf1 {[%clk 1:16:31]} Ng5 {[%clk 1:23:00]} 10. c3
{[%clk 1:12:27]} Bg4 {[%clk 1:17:43]} 11. Bxg5 {[%clk 1:12:49]} Bxg5
{[%clk 1:17:35]} 12. h3 {[%clk 1:13:06]} Bd7 {[%clk 1:16:23]} 13. d4
{[%clk 1:06:44]} Bf6 {[%clk 1:08:59]} 14. Qd2 {[%clk 1:04:12]} Kh7
{[%clk 0:58:21]} 15. Rad1 {[%clk 1:00:57]} Na5 {[%clk 0:51:33]} 16. Ba2
{[%clk 0:59:40]} Ba4 {[%clk 0:48:12]} 17. Rb1 {[%clk 0:59:37]} Bb3
{[%clk 0:38:58]} 18. Bxb3 {[%clk 0:59:38]} Nxb3 {[%clk 0:39:24]} 19. Qd3
{[%clk 0:53:10]} Na5 {[%clk 0:37:39]} 20. Qb5 {[%clk 0:44:07]} c6
{[%clk 0:33:12]} 21. Qd3 {[%clk 0:40:30]} b5 {[%clk 0:30:00]} 22. Ne3
{[%clk 0:38:28]} a6 {[%clk 0:29:16]} 23. b4 {[%clk 0:37:44]} Nb7 {[%clk 0:29:12]}
24. Rbd1 {[%clk 0:36:58]} h5 {[%clk 0:19:12]} 25. g4 {[%clk 0:33:26]} g6
{[%clk 0:15:54]} 26. gxh5 {[%clk 0:32:37]} gxh5 {[%clk 0:16:10]} 27. Kh1
{[%clk 0:31:08]} Rg8 {[%clk 0:14:05]} 28. Qe2 {[%clk 0:27:58]} exd4
{[%clk 0:14:18]} 29. Nxd4 {[%clk 0:27:49]} Rg6 {[%clk 0:12:02]} 30. Qxh5+
{[%clk 0:27:41]} Rh6 {[%clk 0:11:18]} 31. Qxf7+ {[%clk 0:27:55]} Kh8
{[%clk 0:11:45]} 32. Ng4 {[%clk 0:24:40]} Bxd4 {[%clk 0:09:44]} 33. Nxh6
{[%clk 0:24:14]} Qh4 {[%clk 0:09:22]} 34. Qe6 {[%clk 0:20:50]} Bxf2
{[%clk 0:08:29]} 35. Rg1 1-0

[Event "World Chess Olympiad 2018"]
[Site "Batumi"]
[Date "2018.10.03"]
[Round "9"]
[Board "2"]
[WhiteFideId "13902393"]
[White "Hamitevici Vladimir"]
[BlackFideId "1007998"]
[Black "L'Ami Erwin"]
[Result "1/2-1/2"]
[LiveChessVersion "1.4.8"]
[BlackElo "2639"]
[WhiteElo "2505"]

1. d4 {[%clk 1:30:04]} Nf6 {[%clk 1:30:46]} 2. c4 {[%clk 1:29:53]} e6
{[%clk 1:31:05]} 3. Nc3 {[%clk 1:28:48]} Bb4 {[%clk 1:31:10]} 4. e3
{[%clk 1:28:19]} O-O {[%clk 1:31:06]} 5. Bd3 {[%clk 1:28:01]} d5 {[%clk 1:31:16]}
6. a3 {[%clk 1:25:49]} Bxc3+ {[%clk 1:30:36]} 7. bxc3 {[%clk 1:26:14]} c6
{[%clk 1:30:55]} 8. Ne2 {[%clk 1:24:41]} b6 {[%clk 1:25:23]} 9. cxd5
{[%clk 1:18:46]} cxd5 {[%clk 1:25:22]} 10. f3 {[%clk 1:15:54]} Bb7
{[%clk 1:15:17]} 11. c4 {[%clk 1:11:43]} Ba6 {[%clk 1:04:47]} 12. cxd5
{[%clk 1:11:40]} Bxd3 {[%clk 1:05:03]} 13. Qxd3 {[%clk 1:12:06]} Qxd5
{[%clk 1:04:53]} 14. e4 {[%clk 1:11:40]} Qa5+ {[%clk 1:03:51]} 15. Bd2
{[%clk 1:10:45]} Qa6 {[%clk 1:03:58]} 16. Qxa6 {[%clk 1:09:16]} Nxa6
{[%clk 1:04:19]} 17. Kf2 {[%clk 1:08:54]} Rfc8 {[%clk 1:02:48]} 18. Rhc1
{[%clk 1:09:08]} Kf8 {[%clk 0:56:24]} 19. g4 {[%clk 1:07:55]} Ne8
{[%clk 0:52:22]} 20. Bf4 {[%clk 1:02:53]} Ke7 {[%clk 0:50:04]} 21. Ng3
{[%clk 0:51:08]} Kd7 {[%clk 0:47:22]} 22. Ke2 {[%clk 0:46:56]} Rxc1
{[%clk 0:42:44]} 23. Bxc1 {[%clk 0:46:31]} Nb8 {[%clk 0:42:28]} 24. Bb2
{[%clk 0:44:34]} Nc6 {[%clk 0:41:42]} 25. Rd1 {[%clk 0:44:46]} Ne7
{[%clk 0:40:35]} 26. f4 {[%clk 0:22:57]} g6 {[%clk 0:38:07]} 27. h4
{[%clk 0:12:20]} Rc8 {[%clk 0:36:34]} 28. g5 {[%clk 0:11:50]} Nd6
{[%clk 0:35:22]} 29. Kd3 {[%clk 0:11:12]} h5 {[%clk 0:30:26]} 30. Rc1
{[%clk 0:10:47]} Rb8 {[%clk 0:29:31]} 31. a4 {[%clk 0:08:40]} b5 {[%clk 0:28:31]}
32. axb5 {[%clk 0:09:02]} Rxb5 {[%clk 0:28:55]} 33. Bc3 {[%clk 0:09:17]} Nc6
{[%clk 0:28:32]} 34. Nf1 {[%clk 0:06:34]} Rb3 {[%clk 0:21:36]} 35. Nd2
{[%clk 0:06:04]} Ra3 {[%clk 0:21:55]} 36. Rb1 {[%clk 0:05:40]} Kc7
{[%clk 0:21:35]} 37. d5 {[%clk 0:03:53]} exd5 {[%clk 0:20:34]} 38. exd5
{[%clk 0:04:21]} Ne7 {[%clk 0:19:33]} 39. Nc4 {[%clk 0:04:44]} Nxc4
{[%clk 0:17:05]} 40. Kxc4 {[%clk 0:35:12]} Nxd5 {[%clk 0:46:37]} 41. Kxd5
{[%clk 0:31:05]} Rxc3 {[%clk 0:45:32]} 42. Ra1 {[%clk 0:25:58]} Kb7
{[%clk 0:44:12]} 43. Rb1+ {[%clk 0:24:05]} Kc8 {[%clk 0:41:16]} 44. Ra1
{[%clk 0:20:23]} Rc7 {[%clk 0:36:55]} 45. f5 {[%clk 0:20:06]} gxf5
{[%clk 0:36:11]} 46. Ke5 {[%clk 0:19:07]} Kb7 {[%clk 0:24:13]} 47. Rb1+
{[%clk 0:15:44]} Ka8 {[%clk 0:22:18]} 48. Kxf5 {[%clk 0:14:26]} a5
{[%clk 0:20:50]} 49. Ra1 {[%clk 0:14:25]} Ra7 {[%clk 0:21:06]} 50. g6
{[%clk 0:14:46]} fxg6+ {[%clk 0:21:14]} 1/2-1/2